[Event "Titled Tuesday intern op 06th Feb Early"]
[Site "Chess.com INT"]
[Date "2024.02.06"]
[Round "1"]
[White "Kozak, Antoni"]
[Black "Sargissyan, Sargis"]
[Result "1-0"]
[WhiteElo "2434"]
[BlackElo "2275"]
[PlyCount "117"]
[EventDate "2024.02.06"]
[EventType "swiss (blitz)"]
[EventRounds "11"]
[EventCountry "USA"]
[SourceTitle "CB07_2024"]
[SourceDate "2024.02.14"]
[SourceVersion "1"]
[SourceVersionDate "2024.02.14"]
[SourceQuality "1"]

1. e4 e5 2. Nf3 Nc6 3. Bb5 Nf6 4. Bxc6 dxc6 5. d3 Bc5 6. 0-0 Bg4 7. Be3 Nd7 8. Nbd2 Qf6 9. Qe1 0-0 10. Bxc5 Nxc5 11. Qe3 Ne6 12. h3 Bxf3 13. Qxf3 Nf4 14. Kh2 Qh6 15. Nc4 Rae8 16. Ne3 g6 17. Qg4 Kh8 18. g3 Ne6 19. Rae1 Ng7 20. Qd7 Ne6 21. f4 exf4 22. gxf4 Nxf4 23. Qg4 Ne6 24. Rf6 Qg5 25. Qxg5 Nxg5 26. h4 Ne6 27. h5 Kg7 28. Ref1 Nd4 29. Kg3 h6 30. R1f2 Re6 31. R6f4 Ree8 32. Ng4 Ne6 33. Rf6 Ng5 34. Kh4 Re6 35. R6f4 Ree8 36. Kg3 Ne6 37. Rf6 Ng5 38. a4 Rd8 39. a5 a6 40. b3 Rde8 41. R6f4 Rd8 42. Kg2 Rde8 43. Nf6 Rd8 44. e5 Ne6 45. Rg4 Rd4 46. Ne4 Ng5 47. Rff4 Nxe4 48. Rxe4 Rxe4 49. Rxe4 g5 50. d4 Re8 51. Kf3 Re6 52. Kg4 f6 53. Kf5 Kf7 54. c4 fxe5 55. dxe5 Ke7 56. c5 Kf7 57. b4 Ke7 58. Rd4 b5 59. Rd3 1-0

[Event "Titled Tuesday intern op 06th Feb Early"]
[Site "Chess.com INT"]
[Date "2024.02.06"]
[Round "2"]
[White "Smirnov, Mark1"]
[Black "Kozak, Antoni"]
[Result "0-1"]
[WhiteElo "2152"]
[BlackElo "2434"]
[PlyCount "68"]
[EventDate "2024.02.06"]
[EventType "swiss (blitz)"]
[EventRounds "11"]
[EventCountry "USA"]
[SourceTitle "CB07_2024"]
[SourceDate "2024.02.14"]
[SourceVersion "1"]
[SourceVersionDate "2024.02.14"]
[SourceQuality "1"]

1. e4 c5 2. Nf3 Nc6 3. Bb5 Nf6 4. e5 Nd5 5. Bxc6 dxc6 6. d3 Bg4 7. 0-0 g6 8. Nbd2 Bg7 9. h3 Bxf3 10. Nxf3 0-0 11. b3 a5 12. a4 Nc7 13. Bb2 Ne6 14. Qe2 Qd5 15. Rad1 Rfd8 16. Rfe1 b5 17. Qe4 Rab8 18. Bc3 b4 19. Bb2 Rb7 20. Nd2 Ra7 21. Nc4 Nd4 22. Bxd4 cxd4 23. f4 f5 24. exf6 exf6 25. Qe6+ Kf8 26. Re2 Bh6 27. Qxf6+ Kg8 28. Rde1 Rf8 29. Re8 Raf7 30. Rxf8+ Bxf8 31. Qe6 Bh6 32. g3 Qf3 33. Qe2 Qxg3+ 34. Kh1 Bxf4 0-1

[Event "Speed Chess Poland"]
[Site "Chess.com INT"]
[Date "2024.01.25"]
[Round "2.18"]
[White "Kozak, Antoni"]
[Black "Miton, Kamil"]
[Result "0-1"]
[WhiteElo "2442"]
[BlackElo "2568"]
[PlyCount "88"]
[EventDate "2024.01.19"]
[EventType "k.o. (blitz)"]
[EventRounds "4"]
[EventCountry "POL"]
[SourceTitle "CB05_2024"]
[SourceDate "2024.01.31"]
[SourceVersion "1"]
[SourceVersionDate "2024.01.31"]
[SourceQuality "1"]

1. e4 c5 2. Be2 Nc6 3. f4 d5 4. d3 Nf6 5. e5 Nd7 6. Nf3 e6 7. 0-0 Be7 8. c3 d4 9. Nbd2 0-0 10. Ne4 f5 11. exf6 Nxf6 12. Nxf6+ Bxf6 13. c4 b6 14. Nd2 Bb7 15. Ne4 Ne7 16. Bg4 Nf5 17. Qe2 Qd7 18. Bd2 Rae8 19. Rae1 Bd8 20. Ng5 h6 21. Nf3 Bc7 22. Ne5 Qd8 23. Bf3 Bxf3 24. Qxf3 Bd6 25. Qe4 Qc7 26. Nf3 Rf6 27. g3 Ref8 28. Kg2 Ne7 29. Ne5 Nf5 30. Ng4 Rg6 31. Ne5 Bxe5 32. Qxe5 Qb7+ 33. Qe4 Qf7 34. Re2 h5 35. Be1 Ne3+ 36. Rxe3 dxe3 37. Qxe3 Qf5 38. Bc3 Rd8 39. Rf3 h4 40. a3 hxg3 41. hxg3 Rh6 42. Kf1 Rh2 43. Rf2 Rxd3 44. Qe2 Rh1+ 0-1

[Event "Speed Chess Poland"]
[Site "Chess.com INT"]
[Date "2024.01.25"]
[Round "2.24"]
[White "Kozak, Antoni"]
[Black "Miton, Kamil"]
[Result "1-0"]
[WhiteElo "2442"]
[BlackElo "2568"]
[PlyCount "101"]
[EventDate "2024.01.19"]
[EventType "k.o. (blitz)"]
[EventRounds "4"]
[EventCountry "POL"]
[SourceTitle "CB05_2024"]
[SourceDate "2024.01.31"]
[SourceVersion "1"]
[SourceVersionDate "2024.01.31"]
[SourceQuality "1"]

1. d4 Nf6 2. c4 g6 3. Nc3 Bg7 4. e4 0-0 5. h3 d6 6. Be3 Nbd7 7. Bd3 e5 8. d5 Nc5 9. Bc2 a5 10. g4 c6 11. Nge2 cxd5 12. cxd5 b5 13. Ng3 b4 14. Na4 Nfd7 15. Nxc5 Nxc5 16. 0-0 Ba6 17. Re1 Bf6 18. Qd2 Rc8 19. Rac1 Bc4 20. b3 Ba6 21. Bb1 Qd7 22. Kg2 Rc7 23. Bxc5 dxc5 24. Bd3 Bc8 25. Qe3 Qd8 26. Rc2 Bg5 27. Qe2 Qd6 28. Bb5 Bf4 29. Bc6 Kg7 30. Qc4 Qf6 31. Qxc5 h5 32. gxh5 Qh4 33. Rh1 f5 34. Qd6 Rcf7 35. Qxg6+ Kh8 36. exf5 Rg7 37. Qd6 Rfg8 38. Kf1 Ba6+ 39. Rc4 Bxc4+ 40. bxc4 Bxg3 41. fxg3 Qxc4+ 42. Ke1 Qc3+ 43. Kd1 Qf3+ 44. Kc2 Qxf5+ 45. Kb3 Qxh5 46. g4 Qg5 47. Re1 Re7 48. Ka4 Qh4 49. Rxe5 Rh7 50. Rf5 Qg3 51. Qxg3 1-0

[Event "Speed Chess Poland"]
[Site "Chess.com INT"]
[Date "2024.01.25"]
[Round "2.1"]
[White "Miton, Kamil"]
[Black "Kozak, Antoni"]
[Result "1/2-1/2"]
[WhiteElo "2568"]
[BlackElo "2442"]
[PlyCount "140"]
[EventDate "2024.01.19"]
[EventType "k.o. (blitz)"]
[EventRounds "4"]
[EventCountry "POL"]
[SourceTitle "CB05_2024"]
[SourceDate "2024.01.31"]
[SourceVersion "1"]
[SourceVersionDate "2024.01.31"]
[SourceQuality "1"]

1. d4 Nf6 2. c4 e6 3. Nf3 d5 4. g3 Bb4+ 5. Bd2 Be7 6. Bg2 0-0 7. Qb3 a5 8. 0-0 c6 9. a4 Na6 10. Bf4 Nb4 11. Nc3 b6 12. Ne5 Ba6 13. Rfd1 Nh5 14. Be3 Rc8 15. cxd5 exd5 16. Rd2 Nf6 17. Bf4 Nd7 18. Bh3 Nxe5 19. Bxe5 Ra8 20. Bg2 Bd6 21. Bxd6 Qxd6 22. e4 dxe4 23. Nxe4 Qh6 24. h4 Rad8 25. Qc3 Bc8 26. Ng5 Qf6 27. Rad1 h6 28. Ne4 Qg6 29. Re1 Bf5 30. Rde2 Bg4 31. Rd2 Rfe8 32. Qc1 Kh8 33. Nc3 Qf6 34. Rxe8+ Rxe8 35. Kh2 Bf3 36. Bxf3 Qxf3 37. Qd1 Qf5 38. Kg2 Rd8 39. Qf3 Qxf3+ 40. Kxf3 Kg8 41. Ke4 Re8+ 42. Kf3 Rd8 43. Ke4 g6 44. b3 Re8+ 45. Kf3 Rd8 46. Ke4 f5+ 47. Kf4 Kf7 48. h5 Nd5+ 49. Nxd5 Rxd5 50. hxg6+ Kxg6 51. Ke3 c5 52. dxc5 Re5+ 53. Kf4 Re4+ 54. Kf3 bxc5 55. Rd5 Rb4 56. Rxc5 Rxb3+ 57. Kg2 Ra3 58. Rxa5 Kf6 59. Ra6+ Kg7 60. a5 Kf7 61. f4 Kg7 62. Kh3 Ra2 63. Ra7+ Kg6 64. Ra8 Kg7 65. a6 Kf7 66. Ra7+ Kg6 67. Ra8 Kg7 68. Ra7+ Kg6 69. Ra8 Kg7 70. Ra7+ Kg6 1/2-1/2

[Event "Speed Chess Poland"]
[Site "Chess.com INT"]
[Date "2024.01.25"]
[Round "2.7"]
[White "Miton, Kamil"]
[Black "Kozak, Antoni"]
[Result "0-1"]
[WhiteElo "2568"]
[BlackElo "2442"]
[PlyCount "112"]
[EventDate "2024.01.19"]
[EventType "k.o. (blitz)"]
[EventRounds "4"]
[EventCountry "POL"]
[SourceTitle "CB05_2024"]
[SourceDate "2024.01.31"]
[SourceVersion "1"]
[SourceVersionDate "2024.01.31"]
[SourceQuality "1"]

1. d4 Nf6 2. c4 e6 3. Nc3 d5 4. Nf3 Nbd7 5. g3 c6 6. Bg2 dxc4 7. 0-0 a5 8. e4 Bb4 9. Qc2 0-0 10. e5 Nd5 11. Ng5 g6 12. h4 c5 13. Nxd5 exd5 14. e6 cxd4 15. exf7+ Kh8 16. Ne6 d3 17. Qd1 Qf6 18. Nxf8 Nxf8 19. Bg5 Qxf7 20. a3 Bc5 21. Qd2 Bg4 22. Rfe1 Ne6 23. Bh6 Nd4 24. Qg5 Nf3+ 25. Bxf3 Bxf3 26. Re5 Be4 27. Rxe4 Bxf2+ 28. Kg2 dxe4 29. Qe5+ Kg8 30. Qxe4 Re8 31. Qg4 Qd5+ 32. Qf3 Qxf3+ 33. Kxf3 Bd4 34. Rb1 a4 35. g4 b5 36. Bd2 Re2 37. Bc3 Bg7 38. h5 gxh5 39. gxh5 Kf7 40. h6 Bxh6 41. Rh1 Kg6 42. Rg1+ Bg5 43. Rg4 Kf5 44. Rd4 Re5 45. Rd7 Re3+ 46. Kf2 Re2+ 47. Kf3 Bf6 48. Rd5+ Ke6 49. Rxb5 Bxc3 50. bxc3 Rc2 51. Ke4 Rxc3 52. Rb6+ Kf7 53. Rb7+ Kg6 54. Ke3 Rc2 55. Rb4 d2 56. Ke2 c3 0-1

[Event "Speed Chess Poland"]
[Site "Chess.com INT"]
[Date "2024.01.25"]
[Round "2.17"]
[White "Miton, Kamil"]
[Black "Kozak, Antoni"]
[Result "1-0"]
[WhiteElo "2568"]
[BlackElo "2442"]
[PlyCount "55"]
[EventDate "2024.01.19"]
[EventType "k.o. (blitz)"]
[EventRounds "4"]
[EventCountry "POL"]
[SourceTitle "CB05_2024"]
[SourceDate "2024.01.31"]
[SourceVersion "1"]
[SourceVersionDate "2024.01.31"]
[SourceQuality "1"]

1. d4 Nf6 2. c4 e6 3. Nc3 d5 4. Nf3 c6 5. g3 Nbd7 6. Bg2 b6 7. 0-0 Be7 8. Nd2 Ba6 9. b3 b5 10. e4 bxc4 11. bxc4 0-0 12. Re1 dxc4 13. Qc2 e5 14. Nf3 exd4 15. Nxd4 Ne5 16. Rd1 Qc8 17. Nf5 Re8 18. Bg5 Nd3 19. Nxe7+ Rxe7 20. Bxf6 gxf6 21. Ne2 Qc7 22. Nd4 Rd7 23. Nf5 Rad8 24. Rab1 Ne5 25. Rxd7 Qxd7 26. Qc1 Qd2 27. Qxd2 Rxd2 28. Rb8+ 1-0

[Event "Titled Tuesday intern op 23rd Jan Late"]
[Site "Chess.com INT"]
[Date "2024.01.23"]
[Round "5"]
[White "Iturrizaga Bonelli, Eduardo"]
[Black "Kozak, Antoni"]
[Result "1-0"]
[WhiteElo "2600"]
[BlackElo "2442"]
[PlyCount "57"]
[EventDate "2024.01.23"]
[EventType "swiss (blitz)"]
[EventRounds "11"]
[EventCountry "USA"]
[SourceTitle "CB05_2024"]
[SourceDate "2024.01.31"]
[SourceVersion "1"]
[SourceVersionDate "2024.01.31"]
[SourceQuality "1"]

1. c4 Nf6 2. Nc3 c5 3. Nf3 d5 4. cxd5 Nxd5 5. e3 e6 6. Bc4 Nc6 7. 0-0 Be7 8. Qe2 0-0 9. Rd1 b6 10. d4 cxd4 11. Nxd5 exd5 12. Bb5 Bb7 13. Bxc6 Bxc6 14. Nxd4 Bb7 15. b3 Rc8 16. Bb2 Bf6 17. Nf5 Rc6 18. Rac1 Bxb2 19. Qxb2 Rg6 20. Qe5 Re8 21. Qc7 Qg5 22. Ng3 Ba8 23. Rd4 h6 24. Qxa7 h5 25. h4 Qe5 26. Qc7 Qe6 27. Nxh5 Rg4 28. Nf4 Qh6 29. Qd7 1-0

[Event "Speed Chess Poland"]
[Site "Chess.com INT"]
[Date "2024.01.23"]
[Round "1.4"]
[White "Kozak, Antoni"]
[Black "Tomczak, Jacek"]
[Result "1/2-1/2"]
[WhiteElo "2442"]
[BlackElo "2598"]
[PlyCount "108"]
[EventDate "2024.01.19"]
[EventType "k.o. (blitz)"]
[EventRounds "4"]
[EventCountry "POL"]
[SourceTitle "CB05_2024"]
[SourceDate "2024.01.31"]
[SourceVersion "1"]
[SourceVersionDate "2024.01.31"]
[SourceQuality "1"]

1. Nf3 c5 2. c4 Nf6 3. Nc3 d5 4. cxd5 Nxd5 5. e4 Nb4 6. Bc4 Nd3+ 7. Ke2 Nf4+ 8. Kf1 Ne6 9. d3 Nc6 10. h4 Ned4 11. Nxd4 cxd4 12. Ne2 e6 13. h5 h6 14. Rh3 a6 15. a3 Bd6 16. f4 b5 17. Ba2 Bb7 18. Rg3 Qh4 19. Rh3 Qe7 20. Bd2 0-0 21. Ng3 Kh7 22. Qg4 Rac8 23. e5 Bxe5 24. fxe5 Nxe5 25. Qe2 Rc2 26. Kg1 Rxb2 27. Qxe5 Rxd2 28. Ne4 Rb2 29. Qxd4 Rc2 30. Rg3 f5 31. Qd6 Qxd6 32. Nxd6 f4 33. Rg6 Bc6 34. Bxe6 f3 35. gxf3 Rxf3 36. Bf5 Kg8 37. Rf1 Kf8 38. Be4 Rxf1+ 39. Kxf1 Bd7 40. Nf5 Ra2 41. Rxa6 b4 42. Ra8+ Kf7 43. Ra7 Ke6 44. Nd4+ Kd6 45. Ra6+ Ke5 46. Nf3+ Kf4 47. Ra7 Bh3+ 48. Ke1 bxa3 49. Nd2 Bg4 50. Rf7+ Kg3 51. Nf1+ Kh4 52. Nd2 Kg3 53. Nf1+ Kh4 54. Nd2 Kg3 1/2-1/2

[Event "Speed Chess Poland"]
[Site "Chess.com INT"]
[Date "2024.01.23"]
[Round "1.18"]
[White "Kozak, Antoni"]
[Black "Tomczak, Jacek"]
[Result "1-0"]
[WhiteElo "2442"]
[BlackElo "2598"]
[PlyCount "79"]
[EventDate "2024.01.19"]
[EventType "k.o. (blitz)"]
[EventRounds "4"]
[EventCountry "POL"]
[SourceTitle "CB05_2024"]
[SourceDate "2024.01.31"]
[SourceVersion "1"]
[SourceVersionDate "2024.01.31"]
[SourceQuality "1"]

1. e4 e6 2. Nf3 d5 3. d3 c5 4. Nbd2 Nc6 5. g3 g6 6. Bg2 Bg7 7. 0-0 Nge7 8. Re1 0-0 9. h4 h5 10. c3 Qc7 11. Nf1 Rd8 12. Qc2 b5 13. Bf4 e5 14. Bg5 f6 15. Be3 d4 16. Bd2 Be6 17. Rec1 Qb6 18. cxd4 cxd4 19. Qc5 Qxc5 20. Rxc5 a6 21. Kh2 Rdc8 22. Bh3 Kf7 23. Rac1 Bf8 24. R5c2 Bxh3 25. Kxh3 Ke6 26. Ne1 Kd7 27. f4 Nd8 28. Nf3 Nf7 29. Bb4 Rxc2 30. Rxc2 Nc6 31. Bxf8 Rxf8 32. a3 f5 33. exf5 gxf5 34. N1d2 Re8 35. fxe5 Nfxe5 36. Nxe5+ Rxe5 37. Nb3 Kd6 38. Kg2 a5 39. Kf2 Re3 40. Rxc6+ 1-0

[Event "Speed Chess Poland"]
[Site "Chess.com INT"]
[Date "2024.01.23"]
[Round "1.20"]
[White "Kozak, Antoni"]
[Black "Tomczak, Jacek"]
[Result "1/2-1/2"]
[WhiteElo "2442"]
[BlackElo "2598"]
[PlyCount "180"]
[EventDate "2024.01.19"]
[EventType "k.o. (blitz)"]
[EventRounds "4"]
[EventCountry "POL"]
[SourceTitle "CB05_2024"]
[SourceDate "2024.01.31"]
[SourceVersion "1"]
[SourceVersionDate "2024.01.31"]
[SourceQuality "1"]

1. Nf3 Nf6 2. c4 g6 3. Nc3 Bg7 4. e4 0-0 5. d4 d6 6. h3 e5 7. d5 Na6 8. Bg5 Nc5 9. Nd2 h6 10. Be3 a5 11. g4 c6 12. Be2 cxd5 13. cxd5 Bd7 14. a4 Qb6 15. Nc4 Qb4 16. f3 Nb3 17. Ra3 Nd4 18. Bxd4 exd4 19. Qxd4 Nxg4 20. Qb6 Ne5 21. Rb3 Nxc4 22. Rxb4 Nxb6 23. Rxb6 Bxc3+ 24. bxc3 Bxa4 25. Kd2 Rfd8 26. Rxb7 Bd7 27. Rb6 Bc8 28. h4 Kg7 29. Ra1 Kf6 30. Bb5 g5 31. hxg5+ hxg5 32. Ke3 Ke5 33. Rh1 a4 34. Rh5 Kf6 35. Rh6+ Kg7 36. Rh1 a3 37. Ra1 Kf6 38. Kd4 Ke7 39. Bc6 Ra5 40. Rb3 a2 41. Rb2 Rh8 42. Rbxa2 Rxa2 43. Rxa2 Rh1 44. Ra7+ Kf6 45. Be8 Rd1+ 46. Ke3 Re1+ 47. Kd2 Rf1 48. Ke2 Rc1 49. Rxf7+ Ke5 50. Rc7 Ba6+ 51. Kf2 Rc2+ 52. Kg3 Bf1 53. Re7+ Kf6 54. Rf7+ Kg6 55. Rd7+ Kf6 56. Rxd6+ Ke7 57. Re6+ Kf8 58. Kg4 Rxc3 59. d6 Be2 60. d7 Bxf3+ 61. Kxg5 Rd3 62. Rf6+ Ke7 63. Rf7+ Kd8 64. e5 Bd5 65. Rf4 Ra3 66. Rb4 Ra8 67. Kf6 Ra6+ 68. Kg5 Ra8 69. Kf5 Ke7 70. Rb6 Bc4 71. Rd6 Bb3 72. Rh6 Bc2+ 73. Kg5 Ra5 74. Kf4 Ra4+ 75. Ke3 Re4+ 76. Kd2 Ba4 77. Rd6 Bxd7 78. Bxd7 Rxe5 79. Rd3 Re4 80. Bc6 Re6 81. Bd5 Rd6 82. Ke3 Rf6 83. Ke4 Rd6 84. Ke5 Rd7 85. Rh3 Rc7 86. Rh6 Rd7 87. Rc6 Ra7 88. Re6+ Kd8 89. Bc6 Re7 90. Rxe7 Kxe7 1/2-1/2

[Event "Speed Chess Poland"]
[Site "Chess.com INT"]
[Date "2024.01.23"]
[Round "1.22"]
[White "Kozak, Antoni"]
[Black "Tomczak, Jacek"]
[Result "1/2-1/2"]
[WhiteElo "2442"]
[BlackElo "2598"]
[PlyCount "110"]
[EventDate "2024.01.19"]
[EventType "k.o. (blitz)"]
[EventRounds "4"]
[EventCountry "POL"]
[SourceTitle "CB05_2024"]
[SourceDate "2024.01.31"]
[SourceVersion "1"]
[SourceVersionDate "2024.01.31"]
[SourceQuality "1"]

1. e4 e6 2. d4 d5 3. exd5 exd5 4. Bd3 c5 5. Nf3 c4 6. Be2 Bd6 7. 0-0 Ne7 8. b3 cxb3 9. axb3 Nbc6 10. Bg5 0-0 11. Nc3 Bb4 12. Na4 h6 13. Bh4 Bf5 14. c3 Bd6 15. b4 Qc7 16. Bg3 Ng6 17. Bd3 Be4 18. Nc5 Bxg3 19. hxg3 Bxd3 20. Qxd3 b6 21. Na6 Qd6 22. b5 Na5 23. Nb4 Rac8 24. Rfe1 Rc7 25. Ne5 Ne7 26. Na6 Rcc8 27. Nb4 Rfe8 28. Re3 f6 29. Ng6 Nxg6 30. Rxe8+ Rxe8 31. Qxg6 Rc8 32. Qd3 Rd8 33. Re1 Qc7 34. Re6 Kf7 35. Re2 Qd7 36. Qf3 Qd6 37. Qh5+ Kf8 38. Nxd5 Nc4 39. Nf4 Rc8 40. Ne6+ Kg8 41. Qg6 Qd7 42. Nf4 Nd6 43. Nh5 Rf8 44. Qd3 Qxb5 45. Qxb5 Nxb5 46. Re7 Rf7 47. Re8+ Kh7 48. Nf4 Nxc3 49. Ne6 g5 50. g4 Nd5 51. Nf8+ Kg7 52. Ne6+ Kg6 53. Nf8+ Kg7 54. Ne6+ Kg6 55. Nf8+ Kg7 1/2-1/2

[Event "Speed Chess Poland"]
[Site "Chess.com INT"]
[Date "2024.01.23"]
[Round "1.17"]
[White "Tomczak, Jacek"]
[Black "Kozak, Antoni"]
[Result "1/2-1/2"]
[WhiteElo "2598"]
[BlackElo "2442"]
[PlyCount "101"]
[EventDate "2024.01.19"]
[EventType "k.o. (blitz)"]
[EventRounds "4"]
[EventCountry "POL"]
[SourceTitle "CB05_2024"]
[SourceDate "2024.01.31"]
[SourceVersion "1"]
[SourceVersionDate "2024.01.31"]
[SourceQuality "1"]

1. d4 Nf6 2. c4 e6 3. Nc3 Bb4 4. f3 d5 5. a3 Bxc3+ 6. bxc3 0-0 7. cxd5 exd5 8. e3 c5 9. Bd3 b6 10. Ne2 Ba6 11. Bxa6 Nxa6 12. Qd3 Nc7 13. 0-0 Re8 14. Ng3 Ne6 15. Ra2 Rc8 16. Re2 Qc7 17. Rd1 cxd4 18. cxd4 Qc3 19. Bb2 Qxd3 20. Rxd3 g6 21. Kf2 h5 22. Nf1 Red8 23. Nd2 Ne8 24. Nb1 Nd6 25. Nc3 Nc4 26. Bc1 a6 27. a4 Rb8 28. e4 dxe4 29. Rxe4 b5 30. axb5 axb5 31. Ke2 b4 32. Nd1 b3 33. d5 b2 34. Nxb2 Nxb2 35. Rd2 Nc5 36. Bxb2 Nxe4 37. fxe4 Rb5 38. Bf6 Rd6 39. Be7 Rd7 40. d6 Re5 41. Kf3 f5 42. Rc2 Kf7 43. exf5 Rxf5+ 44. Ke4 Ke6 45. Rc8 Ra7 46. Rg8 Ra4+ 47. Ke3 Re5+ 48. Kf3 Rf5+ 49. Ke3 Re5+ 50. Kf3 Rf5+ 51. Ke3 1/2-1/2

[Event "Speed Chess Poland"]
[Site "Chess.com INT"]
[Date "2024.01.23"]
[Round "1.19"]
[White "Tomczak, Jacek"]
[Black "Kozak, Antoni"]
[Result "0-1"]
[WhiteElo "2598"]
[BlackElo "2442"]
[PlyCount "74"]
[EventDate "2024.01.19"]
[EventType "k.o. (blitz)"]
[EventRounds "4"]
[EventCountry "POL"]
[SourceTitle "CB05_2024"]
[SourceDate "2024.01.31"]
[SourceVersion "1"]
[SourceVersionDate "2024.01.31"]
[SourceQuality "1"]

1. d4 Nf6 2. c4 e6 3. Nc3 Bb4 4. f3 d5 5. a3 Bxc3+ 6. bxc3 c5 7. cxd5 0-0 8. dxe6 Bxe6 9. e3 Nd5 10. Bd2 Re8 11. Bd3 Nc6 12. Ne2 Qh4+ 13. g3 Qh3 14. Kf2 cxd4 15. cxd4 Rad8 16. e4 Nb6 17. Nf4 Qh6 18. d5 Qf6 19. dxe6 g5 20. exf7+ Kxf7 21. Qb3+ Kf8 22. Ne2 Ne5 23. Bb4+ Kg7 24. Bb5 Rd3 25. Bxd3 Qxf3+ 26. Ke1 Nxd3+ 27. Kd2 Rd8 28. Bc3+ Ne5+ 29. Kc1 Kh6 30. Re1 Nd3+ 31. Kc2 Nxe1+ 32. Rxe1 Qxe4+ 33. Kc1 Nc4 34. h4 Qe3+ 35. Kb1 Nd2+ 36. Kc2 Nxb3 37. hxg5+ Kxg5 0-1

[Event "Titled Tuesday intern op 16th Jan Late"]
[Site "Chess.com INT"]
[Date "2024.01.16"]
[Round "4"]
[White "Kozak, Antoni"]
[Black "Khater, Sherif"]
[Result "1-0"]
[WhiteElo "2442"]
[BlackElo "2012"]
[PlyCount "115"]
[EventDate "2024.01.16"]
[EventType "swiss (blitz)"]
[EventRounds "11"]
[EventCountry "USA"]
[SourceTitle "CB04_2024"]
[SourceDate "2023.10.16"]
[SourceVersion "1"]
[SourceVersionDate "2023.10.16"]
[SourceQuality "1"]

1. e4 Nc6 2. Nf3 e5 3. Bb5 Nf6 4. d3 d6 5. 0-0 Bd7 6. c4 a6 7. Bxc6 Bxc6 8. Nc3 Be7 9. Re1 0-0 10. d4 exd4 11. Nxd4 Bd7 12. Bf4 Re8 13. h3 Be6 14. Nxe6 fxe6 15. e5 dxe5 16. Bxe5 Qxd1 17. Raxd1 Rac8 18. Bxf6 Bxf6 19. Rd7 Kf8 20. Ne4 Bxb2 21. Rb1 Be5 22. Rxb7 Rb8 23. Rb3 Rb6 24. g3 Re7 25. Rd8+ Re8 26. Rdd3 Reb8 27. Nc5 Ke8 28. Nxe6 Rxb3 29. axb3 Ke7 30. Nc5 a5 31. Re3 Kd6 32. Rxe5 Kxe5 33. Nd7+ Kd4 34. Nxb8 Kc3 35. Nc6 Kxb3 36. Nxa5+ Kb4 37. Nc6+ Kxc4 38. Kf1 Kd3 39. Ke1 h5 40. h4 Ke4 41. Ke2 Kd5 42. Ne7+ Ke6 43. Ng6 Kf5 44. Nf4 g6 45. Nd3 Ke4 46. Nc5+ Kd5 47. Nd7 Ke6 48. Nf8+ Kf7 49. Nxg6 Kxg6 50. f3 Kf5 51. Kd3 Ke5 52. g4 hxg4 53. fxg4 Kf4 54. g5 Kf5 55. Kc4 Kg6 56. Kc5 Kh5 57. Kc6 Kxh4 58. g6 1-0

[Event "Titled Tuesday intern op 16th Jan Early"]
[Site "Chess.com INT"]
[Date "2024.01.16"]
[Round "2"]
[White "Kozak, Antoni"]
[Black "Streltsov, Alexey"]
[Result "1-0"]
[WhiteElo "2442"]
[BlackElo "2341"]
[PlyCount "77"]
[EventDate "2024.01.16"]
[EventType "swiss (blitz)"]
[EventRounds "11"]
[EventCountry "USA"]
[SourceTitle "CB04_2024"]
[SourceDate "2023.10.16"]
[SourceVersion "1"]
[SourceVersionDate "2023.10.16"]
[SourceQuality "1"]

1. e4 c6 2. Nf3 d5 3. exd5 cxd5 4. Ne5 a6 5. d4 Nc6 6. Nxc6 bxc6 7. Bd3 Nf6 8. 0-0 Bg4 9. Qe1 e6 10. Bf4 Bd6 11. Qe3 Bh5 12. Nd2 Bg6 13. Bxd6 Qxd6 14. Nb3 Nd7 15. Rac1 0-0 16. c4 Bxd3 17. Qxd3 Qb4 18. Qc3 Rfb8 19. Na5 Qxb2 20. Nxc6 Qxc3 21. Rxc3 Rb2 22. cxd5 exd5 23. Rfc1 Kf8 24. a3 Nb6 25. Ne5 f6 26. Nd3 Rd2 27. Nf4 Re8 28. g3 Rxd4 29. Rc6 Rc4 30. R1xc4 Nxc4 31. a4 Re1+ 32. Kg2 Ra1 33. Rxa6 Nb2 34. Ra8+ Kf7 35. Ra7+ Kg8 36. a5 d4 37. Ne6 d3 38. Rxg7+ Kh8 39. Rb7 1-0

[Event "Titled Tuesday intern op 16th Jan Early"]
[Site "Chess.com INT"]
[Date "2024.01.16"]
[Round "9"]
[White "Kozak, Antoni"]
[Black "Timerkhanov, Alexander"]
[Result "1/2-1/2"]
[WhiteElo "2442"]
[BlackElo "2308"]
[PlyCount "175"]
[EventDate "2024.01.16"]
[EventType "swiss (blitz)"]
[EventRounds "11"]
[EventCountry "USA"]
[SourceTitle "CB04_2024"]
[SourceDate "2023.10.16"]
[SourceVersion "1"]
[SourceVersionDate "2023.10.16"]
[SourceQuality "1"]

1. e4 c5 2. Nf3 a6 3. d4 cxd4 4. Qxd4 Nc6 5. Qe3 d6 6. h3 Nf6 7. Be2 e6 8. 0-0 Be7 9. c4 0-0 10. Nc3 Qc7 11. Bd2 b6 12. Rac1 Ne5 13. Nd4 Bb7 14. f4 Ned7 15. Nf3 d5 16. cxd5 Bc5 17. Nd4 e5 18. Na4 exd4 19. Qd3 a5 20. Nxc5 bxc5 21. Qxd4 cxd4 22. Rxc7 Ba6 23. Bxa6 Rxa6 24. e5 Ne4 25. Rxd7 Nxd2 26. Rd1 Nc4 27. Rxd4 Ne3 28. Rd3 Nc2 29. a3 Rb6 30. Rc7 Rxb2 31. d6 Ne1 32. Rd1 Nxg2 33. d7 Rbb8 34. Kxg2 Rfd8 35. f5 Kf8 36. f6 gxf6 37. exf6 Rb2+ 38. Kg3 Rb3+ 39. Kg4 h5+ 40. Kg5 Rb5+ 41. Kf4 Rb6 42. Rc8 Rxf6+ 43. Kg5 Rg6+ 44. Kxh5 Ke7 45. Rxd8 Kxd8 46. Rd3 a4 47. h4 Rg1 48. Kh6 f5 49. h5 f4 50. Rf3 Rg3 51. Rxf4 Rxa3 52. Rd4 Ra1 53. Kg7 a3 54. Ra4 Kxd7 55. h6 Ke7 56. Re4+ Kd7 57. Rg4 Rh1 58. Rg2 Kc6 59. Ra2 Rg1+ 60. Kf7 Rf1+ 61. Kg8 Rg1+ 62. Kf7 Rf1+ 63. Ke7 Rh1 64. Rxa3 Kb7 65. Rb3+ Kc7 66. Rc3+ Kb7 67. Rb3+ Kc7 68. Rc3+ Kb7 69. Kd7 Rxh6 70. Rb3+ Rb6 71. Rc3 Rb5 72. Kd6 Rb6+ 73. Kd7 Rb5 74. Rd3 Rb6 75. Ra3 Rb5 76. Rc3 Rb6 77. Rc7+ Ka6 78. Rc1 Rb7+ 79. Kc6 Rb6+ 80. Kc5 Rh6 81. Rb1 Rh5+ 82. Kd4 Rh6 83. Kc4 Rb6 84. Re1 Kb7 85. Kc5 Rc6+ 86. Kd5 Rh6 87. Re6 Rxe6 88. Kxe6 1/2-1/2

[Event "Titled Tuesday intern op 16th Jan Late"]
[Site "Chess.com INT"]
[Date "2024.01.16"]
[Round "8"]
[White "Willy, Stephen"]
[Black "Kozak, Antoni"]
[Result "1-0"]
[WhiteElo "1946"]
[BlackElo "2442"]
[PlyCount "35"]
[EventDate "2024.01.16"]
[EventType "swiss (blitz)"]
[EventRounds "11"]
[EventCountry "USA"]
[SourceTitle "CB04_2024"]
[SourceDate "2023.10.16"]
[SourceVersion "1"]
[SourceVersionDate "2023.10.16"]
[SourceQuality "1"]

1. e4 c5 2. c3 d5 3. exd5 Qxd5 4. d4 g6 5. Nf3 Bg7 6. Na3 cxd4 7. Nb5 Qd7 8. Bf4 Na6 9. Nbxd4 Qd8 10. Bb5+ Bd7 11. Qa4 Nf6 12. Ne5 Nc5 13. Qc4 Ne6 14. Nxe6 fxe6 15. Qxe6 Rf8 16. Nxd7 Nxd7 17. 0-0-0 Rxf4 18. Rxd7 1-0

[Event "Titled Tuesday intern op 16th Jan Late"]
[Site "Chess.com INT"]
[Date "2024.01.16"]
[Round "6"]
[White "Xiong, Jeffery"]
[Black "Kozak, Antoni"]
[Result "1-0"]
[WhiteElo "2659"]
[BlackElo "2442"]
[PlyCount "55"]
[EventDate "2024.01.16"]
[EventType "swiss (blitz)"]
[EventRounds "11"]
[EventCountry "USA"]
[SourceTitle "CB04_2024"]
[SourceDate "2023.10.16"]
[SourceVersion "1"]
[SourceVersionDate "2023.10.16"]
[SourceQuality "1"]

1. d4 Nf6 2. c4 e6 3. Nc3 d5 4. Bg5 h6 5. Bxf6 gxf6 6. cxd5 exd5 7. e3 c6 8. Bd3 Be6 9. Nge2 Bd6 10. Ng3 Nd7 11. 0-0 h5 12. Nf5 Bxf5 13. Bxf5 Nb6 14. e4 dxe4 15. Re1 Kf8 16. Nxe4 Nd5 17. Qf3 Bb4 18. Re2 Qc7 19. g3 h4 20. a3 Ba5 21. b4 Bb6 22. Nc5 hxg3 23. Nd7+ Kg7 24. hxg3 Rh6 25. Kg2 Rd8 26. Qg4+ Kh8 27. Rh1 Rxh1 28. Kxh1 1-0